Library Banner

Fakhar ul Ullema/ (Record no. 101138)

MARC details
000 -LEADER
fixed length control field 00377nam a22001457a 4500
005 - DATE AND TIME OF LATEST TRANSACTION
control field 20171228095906.0
008 - FIXED-LENGTH DATA ELEMENTS--GENERAL INFORMATION
fixed length control field 171228b xxu||||| |||| 00| 0 eng d
040 ## - CATALOGING SOURCE
Transcribing agency PK-LaUMT
082 ## - DEWEY DECIMAL CLASSIFICATION NUMBER
Classification number PKAC 297.092
Item number ISH-F
100 ## - MAIN ENTRY--PERSONAL NAME
Personal name Isthiaq Azhar
245 ## - TITLE STATEMENT
Title Fakhar ul Ullema/
Statement of responsibility, etc Isthiaq Azhar
260 ## - PUBLICATION, DISTRIBUTION, ETC. (IMPRINT)
Place of publication, distribution, etc کراچی:
Name of publisher, distributor, etc اکرم زیبائی،
Date of publication, distribution, etc 1991
300 ## - PHYSICAL DESCRIPTION
Extent 358
942 ## - ADDED ENTRY ELEMENTS (KOHA)
Koha item type Books
Holdings
Withdrawn status Lost status Damaged status Home library Current library Date acquired Full call number Barcode Date last seen Price effective from Koha item type
      UMT Main Campus UMT Main Campus 2017-12-28 PKAC 297.092 ISH-F 116825 2017-12-28 2017-12-28 Books